Alternativas campesinas: modernización en el agro y movimiento campesino en Centroamérica /

Uloženo v:
Podrobná bibliografie
Hlavní autor: Tangermann, Klaus - Dieter
Další autoři: coord, Ríos Valdés, Ivana
Médium: Neznámo
Vydáno: Managua: Latino Editores. CRIES
Témata:
Tagy: Přidat tag
Žádné tagy, Buďte první, kdo vytvoří štítek k tomuto záznamu!

MARC

LEADER 00000 a2200000 04500
001 10491
003
008 991231s d
040
090 |a 136510  
100 |a Tangermann, Klaus - Dieter  
245 |a Alternativas campesinas: modernización en el agro y movimiento campesino en Centroamérica /  |c Klaus - Dieter Tangermann 
260 |a Managua:   |b Latino Editores. CRIES  
300 |a 320 p.  
650 |a COMERCIALIZACION  
650 |a MODERNIZACION  
650 |a MOVIMIENTOS CAMPESINOS  
650 |a DESARROLLO SUSTENTABLE  
650 |a PRODUCCION  
650 |a AGROINDUSTRIA  
650 |a ACCESO A LOS MERCADOS  
650 |a PARTICIPACION SOCIAL  
650 |a OFERTA  
650 |a COMPETITIVIDAD  
650 |a ESTADO  
700 |a coord  
700 |a Ríos Valdés, Ivana  
700 |a coord  
999 |c 12228  |d 12228